000 00248nam a22001097a 4500
008 170124b xxu||||| |||| 00| 0 eng d
020 _a9781930538733
041 _aeng
080 _a618.2
245 _aTO COMFORT WAYS
_cNORLANDER, L
942 _2udc
_cBK
999 _c3494
_d3494